Sight: (Record no. 47936)
| 000 -LEADER | |
|---|---|
| fixed length control field | 00403nam a2200121 4500 |
| 020 ## - INTERNATIONAL STANDARD BOOK NUMBER | |
| International Standard Book Number | 9781452179773 |
| 100 ## - MAIN ENTRY--PERSONAL NAME | |
| Personal name | Romanyshyn, Romana |
| 9 (RLIN) | 85745 |
| 245 ## - TITLE STATEMENT | |
| Title | Sight: |
| Remainder of title | glimmer, glow , spark, flash! / |
| Statement of responsibility, etc | Romana Romanyshyn & Andriy Lesiv |
| 260 ## - PUBLICATION, DISTRIBUTION, ETC. (IMPRINT) | |
| Place of publication, distribution, etc | San Francisco |
| Name of publisher, distributor, etc | A Handprint Book |
| Date of publication, distribution, etc | 2021 |
| 300 ## - PHYSICAL DESCRIPTION | |
| Extent | unpaged. |
| Other physical details | col. ill. |
| Dimensions | 29 cm. |
| 650 ## - SUBJECT ADDED ENTRY--TOPICAL TERM | |
| Topical term or geographic name as entry element | Emotions & senses |
| Form subdivision | Juvenile Literature |
| 9 (RLIN) | 85746 |
| 942 ## - ADDED ENTRY ELEMENTS (KOHA) | |
| Source of classification or shelving scheme | |
| Koha item type | Book |
| Withdrawn status | Lost status | Source of classification or shelving scheme | Damaged status | Not for loan | Collection code | Home library | Current library | Shelving location | Date acquired | Total Checkouts | Full call number | Barcode | Date last seen | Date checked out | Price effective from | Koha item type |
|---|---|---|---|---|---|---|---|---|---|---|---|---|---|---|---|---|
| TEACHERS' RESOURCES | Asian Hope Primary Library | Asian Hope Primary Library | Non Fiction | 11/25/2024 | 1 | 152.14 ROM | 207031 | 03/16/2026 | 02/24/2026 | 11/25/2024 | Book |